000 00638nam a2200205Ia 4500
001 5260
003 GE_BSU
008 181216s||||||||xx |||||||||||||| ||und||
040 _cGE_BSU
080 _a517(075.8)
100 _aБаврин, И. И
245 _aВысшая математика
245 _bУчеб.пособие для студ. пед.ин-тов по биолгическим и химическим специальностям
260 _aМосква
260 _bПросвещение
260 _c1980.
300 _a383стр. 22 см.
653 _aВысшая математика
942 _cBK
999 _c38850
_d38850